Постановление Политбюро ЦК ВКП(б) "О праздновании 25-летия Татарской АССР"

RUSMARC
00004781cbm0a2200313#x 450
00150e6e8e5-48ca-4c6d-a2b5-607ebe87c94f
00520250506151454.0
100##$a20250506j19450508k###0rusy50 ca
1010#$arus
102##$aRU
105##$ay###z########
1220#$ad19450508##
2001#$aПостановление Политбюро ЦК ВКП(б) "О праздновании 25-летия Татарской АССР"
$j8 мая 1945 г.
251##$cДокумент
300##$aПодлинник
461#0$12001
$aФ. 17
$1251
$cФонд
$1852
$j17
462#0$12001
$aОп. 163
$1251
$cОпись
$1852
$j163
462#0$12001
$aД. 1446
$vЛ. 152
$1251
$cДело
$1852
$j1446
605##$2prlib_sh
$3LIBNET\UAF\0000088514
$aВторая мировая война в архивных документах (Комплекс оцифрованных архивных документов, кино- и фотоматериалов)
$lколлекция
605##$2acquisition_Prlib
$3DITM\AF\0000002775
$aВласть
$lколлекция
605##$2acquisition_Prlib
$3DITM\AF\0000003834
$aНарод
$lколлекция
6061#$2nlr_sh
$3RU\NLR\AUTH\661317384
$aВеликая Отечественная война
$z1941 - 1945
$yТатарская АССР
$jДокументы и материалы
607##$2nlr_sh
$3RU\NLR\AUTH\661534428
$aТатарская АССР
$xИстория
$z1940 - 1980-ые гг.
$jДокументы и материалы
686##$a63.3(2)622-3ю1
$vLBC/M
$2rubbk
801#0$aRU
$bПБ им. Б.Н. Ельцина
$c20250506
801#1$aRU
$bПБ им. Б.Н. Ельцина
$c20250506
$2rusmarc
801#2$aRU
$bПБ им. Б.Н. Ельцина
$c20250506
$2rusmarc
850##$aРоссийский государственный архив социально-политической истории
852##$aРГАСПИ
$jЛ. 152
035##$aLIBNET\0001471940
937##$d196714089
$hФедеральное архивное агентство
8564#$uhttp://readingroom.main.prlib.ru/item.aspx?id_node=n196714089&mode=full
Формат отображения